000 00331nam a22001457a 4500
020 _a0-521-55928-6
082 _a425
_bMUR/E
100 _aMURPHY,RAYMOND
245 _aESSENTIAL GRAMMAR IN USE
250 _aSECOND EDITION
260 _aUSA
_bCAMBRIDGE UNIVERSITY PRESS
300 _a298
650 _aGRAMMAR
_zUSA
942 _cBK
999 _c3759
_d3759